000 00425pab a2200157 454500
008 180718b2006 xxu||||| |||| 00| 0 eng d
100 _aMottiar, Ziene
245 _aCeltic tiger growth creates a new breed of holidaymaker
260 _c2006
300 _ap.89-107.
650 _aEconomic growth - Ireland
650 _aEconomic growth
700 _aQuinn, Bernadette
773 _aPublic Administration
909 _a68972
999 _c68972
_d68972